000
00324nam a2200133Ia 4500
005
20251222142002.0
008
251222s9999||||xx |||||||||||||| ||spa||
020
_a
84-377-0048-5
082
_a
894.353/H5
100
_a
Hikmet, Nazim
245
0
_a
Duro Oficio El Exilio
264
_b
Los Libros De La Frontera
942
_c
LIB
999
_c
10028
_d
10028